Statystyki dla Wymień wszystkie kraje z których pochodzą zawodnicy KSW

Kliknij tutaj aby rozwiązać quiz!

Ogólne statystyki

  • Ten quiz został rozwiązany 122 razy
  • Średni wynik to 32 z 44

Statystyki odpowiedzi

Liczba zawodnikówKraj% Poprawnych
116Polska
100%
15Niemcy
99%
3Rosja
99%
23Brazylia
94%
7Czechy
93%
8Francja
93%
13Anglia
92%
14USA
91%
5Irlandia
90%
5Ukraina
90%
8Chorwacja
87%
5Hiszpania
87%
4Litwa
87%
3Szwecja
86%
1Łotwa
85%
3Słowacja
84%
2Norwegia
83%
1Belgia
81%
1Portugalia
81%
4Japonia
79%
2Serbia
79%
2Argentyna
78%
2Austria
77%
6Holandia
77%
2Finlandia
76%
2Turcja
75%
2Bułgaria
73%
1Słowenia
72%
2Rumunia
70%
2Australia
62%
2Mołdawia
62%
1RPA
61%
3Gruzja
60%
1Bośnia i Hercegowina
58%
3Szwajcaria
58%
1Senegal
56%
2Czarnogóra
54%
1Luksemburg
53%
1Irlandia Północna
50%
1Kolumbia
46%
1Nigeria
46%
1Kamerun
45%
1Armenia
40%
1Angola
29%

Rozkład punktacji

Percentyl według liczby udzielonych odpowiedzi

Procent ludzi z każdym wynikiem

Twoja historia wyników

Nie rozwiązałeś tego quizu